000 00656nam a2200181Ia 4500
001 5160
003 GE_BSU
008 181216s||||||||xx |||||||||||||| ||und||
040 _cGE_BSU
245 _aГоризонты науки и техники. Сборник статей :
245 _cМост. И.В. Бестужев- Лада, Р.А.Фесенко; Пер с английского Г.С. Поспелова и В.И. Максименко
260 _aМосква
260 _bМир
260 _c1969
300 _a353 с. 20 см.
653 _aоризонты науки и техники.Сборник статей
942 _cBK
999 _c38798
_d38798